000 00532nam a2200145Ia 4500
008 170221s9999 xx 000 0 und d
100 _aAzize ESMERAY
245 4 _aThe Impact of Accounting Information Systems (AIS) on Firm Performance: Empirical Evidence in Turkish Small and Medium Sized Enterprises
245 _cAzize ESMERAY
260 _bInternational Review of Management and Marketing
260 _c2016
300 _a6 : 2
650 _xMarketing.
856 _uhttp://www.econjournals.com/index.php/irmm/issue/view/72
999 _c308531
_d308531